|
|
|
|
| LEADER |
00000nas a22000001a 4500 |
| 001 |
vtls010300242 |
| 003 |
SK-MaSNL |
| 005 |
20260228162801.0 |
| 008 |
110810d19401941xo mr p r 0 b0ger |
| 015 |
|
|
|a SNBDS17XX9999
|
| 015 |
|
|
|a 0295
|2 Fedor 1939-44
|
| 038 |
|
|
|a SNKBUDS
|
| 040 |
|
|
|a SNK
|b slo
|c SNK
|e AACR2
|
| 041 |
0 |
|
|a ger
|
| 044 |
|
|
|a xo
|c SK
|
| 245 |
0 |
0 |
|a Nachrichten der Musikkammer
|b Amtliches Organ der Musikkammer
|
| 250 |
|
|
|a Nemecká mutácia
|
| 260 |
|
|
|a Bratislava
|b Musikkammer
|c 1940-1941
|
| 300 |
|
|
|a 2 roč.
|c 30 x 21 cm
|
| 310 |
|
|
|a 10x ročne
|
| 362 |
0 |
|
|a Roč. I, č. 1 (aug. 1940)-roč. II, č. 1 (máj 1941)
|
| 500 |
|
|
|a Vych. v Bratislave najmenej desať ráz do roka
|
| 500 |
|
|
|a Zodp. red. Alexander Moyzes
|
| 500 |
|
|
|a Maj. a vyd. Musikkammer, Bratislava
|
| 500 |
|
|
|a Tlač. C. F. Wigand A.-G.
|
| 500 |
|
|
|a Vych. od augusta 1940 do mája 1941
|
| 500 |
|
|
|a Vych. aj v slovenskom znení pod titulom Zvesti Hudobnej komory
|
| 505 |
8 |
0 |
|g Roč. I. 1940 2 čís. po 4 s.
|
| 505 |
8 |
0 |
|g Roč. II. 1941 1 čís. 6 s.
|
| 520 |
|
|
|a Odborný časopis venovaný hudobným otázkam. Bol vzatý do evidencie výmerom Prez. Polic. riadit. v Bratislave čís. 5189/1940-prez. zo 6. 8. 1940
|
| 650 |
0 |
7 |
|a hudba
|2 SNKPH
|9 1063
|
| 655 |
|
7 |
|a hudobné časopisy
|2 SNKBUDS
|9 272105
|
| 700 |
1 |
|
|a Moyzes, Alexander,
|d 1906-1984
|4 pbd
|9 257378
|
| 710 |
2 |
|
|a Musikkammer (Bratislava)
|e vydav.
|9 272106
|
| 710 |
0 |
|
|a K. F. Wigand, úč. spol. (Bratislava, Slovensko),
|d 1867-1950
|9 269496
|
| 775 |
0 |
|
|t Zvesti Hudobnej komory
|
| 852 |
|
|
|a SNK
|b 10000
|h ČSB 1172
|
| 852 |
|
|
|a UKB
|b 300000
|h SC 1159
|
| 999 |
|
|
|c 8338
|d 10268
|